000 00443nam a2200157Ia 4500
003 GCL
008 140319s9999 xx 000 0 eng d
040 _aGCL /
_cGCL
082 0 4 _aCH
_b903
_bP C
100 1 _aPORTER, JOHN
245 1 0 _aCHILDREN'S CONCISE GEOGRAPHY ENCYCLOPEDIA /
_cPORTER, JOHN
260 _a[S.N] :
_bWORLD INTERNATIONAL PUBLISHING ،
_c1993
300 _a160
650 0 4 _aENCYCLOPEDIAS AND DICTIONARIES
942 _2ddc
_cBK
999 _c17625
_d17625